Immigration and state power /

Salvato in:
Dettagli Bibliografici
Autore principale: Harris, Nigel
Natura: testo
Tags: Aggiungi Tag
Nessun Tag, puoi essere il primo ad aggiungerne!!

MARC

LEADER 00000 a a2200000 04500
001 48529
003
040
100 |a Harris, Nigel  
245 |a Immigration and state power /  |c Nigel Harris  
773 |g volumen11, número2, (2009), páginas 4-7  
999 |c 31764  |d 31764